Geography of Rajasthan (Record no. 25750)
[ view plain ]
| 000 -LEADER | |
|---|---|
| fixed length control field | 01361 a2200157 4500 |
| 020 ## - INTERNATIONAL STANDARD BOOK NUMBER | |
| ISBN | 9788131611005 |
| 082 ## - DEWEY DECIMAL CLASSIFICATION NUMBER | |
| Classification number | 915.44 |
| Item number | SAX-G |
| 100 ## - MAIN ENTRY--AUTHOR NAME | |
| Personal name | Saxena, H.M. |
| 245 ## - TITLE STATEMENT | |
| Title | Geography of Rajasthan |
| 260 ## - PUBLICATION, DISTRIBUTION, ETC. (IMPRINT) | |
| Name of publisher | Rawat Publications |
| Year of publication | 2019 |
| Place of publication | Jaipur |
| 300 ## - PHYSICAL DESCRIPTION | |
| Number of Pages | xiii, 280p. |
| 504 ## - BIBLIOGRAPHY, ETC. NOTE | |
| Bibliography, etc | Include Bibliography |
| 520 ## - SUMMARY, ETC. | |
| Summary, etc | Geography of Rajasthan is a comprehensive analysis of the physical, economic and social aspects of the state if Rajasthan. The physical aspects discussed in the book are: geology, relief, rivers and lakes, climate, natural vegetation and soils. Economic Structure of the state has been analysed in terms of agriculture and agro-climatic regions, irrigation, livestock, mineral •and power resources, large and small Scale , industries, transportation and Tourism. The population, tribes and geographical regions have also been discussed in detail. All these aspects have been discussed at length and also supported with maps, diagrams and tables. Authentic and latest available data and information have been provided. The book will be useful for graduate and postgraduate students of geography as well as for students preparing for various competitive examinations. It will also be useful for geographers, planners, administrators and general public at large. <br/> |
| 650 ## - SUBJECT ADDED ENTRY--TOPICAL TERM | |
| Topical Term | Historical geography |
| Geographic subdivision | Rajasthan |
| -- | India |
| 942 ## - ADDED ENTRY ELEMENTS (KOHA) | |
| Source of classification or shelving scheme | Dewey Decimal Classification |
| Koha item type | Books |
| Withdrawn status | Lost status | Damaged status | Not for loan | Home library | Current library | Date acquired | Source of acquisition | Cost, normal purchase price | Full call number | Accession Number | Cost, replacement price | Price effective from | Koha item type |
|---|---|---|---|---|---|---|---|---|---|---|---|---|---|
| NASSDOC Library | NASSDOC Library | 26/12/2019 | 7 | 726.35 | 915.44 SAX-G | 50579 | 995.00 | 26/12/2019 | Books |
